[Event "AUS-ch Minor"]
[Site "Cammeray"]
[Date "2011.01.12"]
[Round "10"]
[White "Jiang, Leo"]
[Black "Schwandl, Hans"]
[Result "1/2-1/2"]
[WhiteElo "1361"]
[BlackElo "1448"]
[PlyCount "77"]
[EventDate "2011.01.02"]
[EventType "swiss"]
[EventRounds "11"]
[EventCountry "AUS"]
[SourceTitle "EXT 2012"]
[Source "ChessBase"]
[SourceDate "2011.11.24"]
[SourceVersion "1"]
[SourceVersionDate "2011.11.24"]
[SourceQuality "1"]

1. e4 e5 2. Nf3 Nc6 3. Bc4 Be7 4. 0-0 d6 5. h3 Nf6 6. d3 0-0 7. Nc3 Na5 8. Bb3 Nxb3 9. axb3 c6 10. Ne2 a6 11. Ng3 Ne8 12. Be3 f5 13. exf5 Bxf5 14. Nxf5 Rxf5 15. Nh2 Rf6 16. Ng4 Rg6 17. f4 exf4 18. Bxf4 Bg5 19. Qf3 Bxf4 20. Qxf4 Nf6 21. Ne3 Qd7 22. Kh2 d5 23. Rae1 Re8 24. Nf5 h6 25. Qf3 Kh7 26. Re2 Rxe2 27. Qxe2 Ng8 28. Nd4 Qd6+ 29. Kh1 Rf6 30. Re1 Rf7 31. Qd1 Re7 32. Rf1 Qe5 33. c3 Nf6 34. Qb1 Kh8 35. Nf3 Qg3 36. Nd4 Qg6 37. Qd1 Nh5 38. Nf5 Ng3+ 39. Nxg3 1/2-1/2

[Event "AUS-ch Minor"]
[Site "Cammeray"]
[Date "2011.01.09"]
[Round "7"]
[White "Low, Frank"]
[Black "Jiang, Leo"]
[Result "1/2-1/2"]
[WhiteElo "1592"]
[BlackElo "1361"]
[PlyCount "44"]
[EventDate "2011.01.02"]
[EventType "swiss"]
[EventRounds "11"]
[EventCountry "AUS"]
[SourceTitle "EXT 2012"]
[Source "ChessBase"]
[SourceDate "2011.11.24"]
[SourceVersion "1"]
[SourceVersionDate "2011.11.24"]
[SourceQuality "1"]

1. Nf3 Nf6 2. d4 e6 3. c4 b6 4. g3 Bb4+ 5. Nbd2 c5 6. Bg2 Bb7 7. a3 Ba5 8. 0-0 Bxd2 9. Bxd2 cxd4 10. Bb4 Na6 11. Qxd4 Nxb4 12. axb4 0-0 13. Rfd1 Qc7 14. Qd6 Rfc8 15. Ne5 Bxg2 16. Kxg2 h6 17. b3 Qb7+ 18. Kg1 Rc7 19. Qd3 d5 20. Rac1 Rac8 21. Rc2 Qb8 22. Rdc1 Re7 1/2-1/2

[Event "AUS-ch Minor"]
[Site "Cammeray"]
[Date "2011.01.03"]
[Round "2"]
[White "Jiang, Leo"]
[Black "Harris, Bruce"]
[Result "1-0"]
[WhiteElo "1361"]
[BlackElo "1443"]
[PlyCount "29"]
[EventDate "2011.01.02"]
[EventType "swiss"]
[EventRounds "11"]
[EventCountry "AUS"]
[SourceTitle "EXT 2012"]
[Source "ChessBase"]
[SourceDate "2011.11.24"]
[SourceVersion "1"]
[SourceVersionDate "2011.11.24"]
[SourceQuality "1"]

1. e4 e5 2. Nf3 Nc6 3. Bc4 Bc5 4. c3 d6 5. d4 exd4 6. cxd4 Bb4+ 7. Bd2 Bxd2+ 8. Nbxd2 Nge7 9. Nb3 Bg4 10. Bxf7+ Kd7 11. h3 Bxf3 12. Qxf3 Rf8 13. Qg4+ Nf5 14. Qxf5+ Ke7 15. Qe6# 1-0

[Event "AUS-ch Minor"]
[Site "Cammeray"]
[Date "2010.01.12"]
[Round "10"]
[White "Jiang, Leo"]
[Black "Tracey, Michael"]
[Result "0-1"]
[WhiteElo "1094"]
[BlackElo "1375"]
[PlyCount "88"]
[EventDate "2010.01.02"]
[EventType "swiss"]
[EventRounds "11"]
[EventCountry "AUS"]
[SourceTitle "EXT 2011"]
[Source "ChessBase"]
[SourceDate "2010.11.26"]
[SourceVersion "1"]
[SourceVersionDate "2010.11.26"]
[SourceQuality "1"]

1. e4 c5 2. Nc3 Nc6 3. f4 d6 4. Nf3 g6 5. Bc4 Bg7 6. d3 Nf6 7. Bd2 0-0 8. 0-0 Bg4 9. h3 Bxf3 10. Qxf3 Nd4 11. Qd1 e6 12. a3 a6 13. Ne2 Rc8 14. Nxd4 cxd4 15. Bb3 Qc7 16. g4 Nd7 17. Rc1 Nc5 18. Ba2 Na4 19. Qf3 Nxb2 20. Bb4 a5 21. Bd2 Na4 22. f5 Rfe8 23. h4 Nc3 24. fxe6 fxe6 25. Bxc3 dxc3 26. Rb1 Qe7 27. g5 Rcd8 28. Kg2 h6 29. gxh6 Bxh6 30. Qg4 Kg7 31. h5 g5 32. Rb5 Rf8 33. Rfb1 Qf6 34. Rxb7+ Kh8 35. Qg3 g4 36. Ra7 Bf4 37. Qf2 g3 38. Qg1 Rb8 39. Rf1 Rb2 40. Bb3 Rb8 41. Kh3 e5 42. Qxg3 R8xb3 43. cxb3 Qe6+ 44. Qg4 Rh2# 0-1

[Event "AUS-ch Minor"]
[Site "Cammeray"]
[Date "2010.01.11"]
[Round "9"]
[White "Spirov, Tony"]
[Black "Jiang, Leo"]
[Result "1/2-1/2"]
[WhiteElo "1283"]
[BlackElo "1094"]
[PlyCount "56"]
[EventDate "2010.01.02"]
[EventType "swiss"]
[EventRounds "11"]
[EventCountry "AUS"]
[SourceTitle "EXT 2011"]
[Source "ChessBase"]
[SourceDate "2010.11.26"]
[SourceVersion "1"]
[SourceVersionDate "2010.11.26"]
[SourceQuality "1"]

1. d4 e6 2. c4 d5 3. cxd5 exd5 4. Nf3 Nf6 5. e3 Bf5 6. Bd3 Bxd3 7. Qxd3 b6 8. 0-0 Bd6 9. Nc3 0-0 10. Nb5 Be7 11. a3 Nbd7 12. b4 Ne4 13. Ne5 Nxe5 14. dxe5 c5 15. f3 Ng5 16. Rd1 a6 17. Nc3 cxb4 18. Nxd5 Ne6 19. Nxe7+ Qxe7 20. axb4 Rfd8 21. Qb3 Rxd1+ 22. Qxd1 Qxb4 23. Ba3 Qb5 24. Bd6 Qd7 25. Qd5 Qc8 26. h3 Nd8 27. Kh2 Qc6 28. e4 Qxd5 1/2-1/2

[Event "AUS-ch Minor"]
[Site "Cammeray"]
[Date "2010.01.07"]
[Round "5"]
[White "Laurie, Robert"]
[Black "Jiang, Leo"]
[Result "0-1"]
[WhiteElo "1335"]
[BlackElo "1094"]
[PlyCount "118"]
[EventDate "2010.01.02"]
[EventType "swiss"]
[EventRounds "11"]
[EventCountry "AUS"]
[SourceTitle "EXT 2011"]
[Source "ChessBase"]
[SourceDate "2010.11.26"]
[SourceVersion "1"]
[SourceVersionDate "2010.11.26"]
[SourceQuality "1"]

1. Nf3 Nf6 2. g3 g6 3. Bg2 Bg7 4. d3 Nc6 5. e4 d6 6. Nc3 Bg4 7. Bf4 e5 8. Bg5 h6 9. Be3 a6 10. Qd2 Qd7 11. h3 Be6 12. b3 0-0-0 13. 0-0-0 d5 14. exd5 Nxd5 15. Nxd5 Bxd5 16. Rhg1 Qe7 17. c3 e4 18. Bd4 Nxd4 19. Nxd4 c5 20. dxe4 cxd4 21. exd5 dxc3 22. Qc2 Qa3+ 23. Kb1 Qb2+ 24. Qxb2 cxb2 25. Rd2 Kc7 26. Rxb2 Bxb2 27. Kxb2 Rhe8 28. Rd1 Kd6 29. Rd2 Re5 30. Kc3 Rde8 31. Kd3 b6 32. Rc2 Rb8 33. Rc6+ Kd7 34. Rc2 Rc8 35. Rd2 Rc5 36. Kd4 Re1 37. h4 Kd6 38. Kd3 Rcc1 39. Bf3 Re5 40. Bg2 b5 41. Kd4 b4 42. Rb2 Ree1 43. Kd3 Rc3+ 44. Kd2 Re7 45. Rb1 g5 46. hxg5 hxg5 47. Rb2 f5 48. Rb1 Rec7 49. Rb2 f4 50. gxf4 gxf4 51. Be4 a5 52. f3 Rg7 53. Ke1 Re7 54. Rf2 Rd3 55. Re2 Rc3 56. Kf2 Rc1 57. Kg2 Rg7+ 58. Kf2 Rcg1 59. Rd2 R7g2# 0-1

[Event "AUS-ch Minor"]
[Site "Cammeray"]
[Date "2010.01.06"]
[Round "4"]
[White "Jiang, Leo"]
[Black "Dalton, Laurie"]
[Result "1-0"]
[WhiteElo "1094"]
[BlackElo "1323"]
[PlyCount "69"]
[EventDate "2010.01.02"]
[EventType "swiss"]
[EventRounds "11"]
[EventCountry "AUS"]
[SourceTitle "EXT 2011"]
[Source "ChessBase"]
[SourceDate "2010.11.26"]
[SourceVersion "1"]
[SourceVersionDate "2010.11.26"]
[SourceQuality "1"]

1. e4 c5 2. Nc3 Nc6 3. f4 d6 4. Nf3 g6 5. Bc4 Bg7 6. d3 e6 7. Bd2 Nge7 8. 0-0 0-0 9. Kh1 a6 10. a4 Nd4 11. Nxd4 cxd4 12. Ne2 Nc6 13. Ng3 Ne7 14. Bb3 Qc7 15. Qc1 Qb6 16. a5 Qb5 17. Ba4 Qc5 18. b4 Qc7 19. Rf3 Bd7 20. Bb3 Rac8 21. Qf1 f5 22. exf5 Nxf5 23. Nxf5 gxf5 24. Re1 d5 25. Qf2 Qd6 26. Rg3 Kf7 27. Qf3 Rh8 28. Qh5+ Kg8 29. Qg5 Qf8 30. Re5 h6 31. Qh5 Be8 32. Qe2 Bf7 33. Rxe6 Bxe6 34. Qxe6+ Kh7 35. Qg6+ 1-0

[Event "AUS-ch Minor"]
[Site "Cammeray"]
[Date "2010.01.04"]
[Round "3"]
[White "Souffron, Marc"]
[Black "Jiang, Leo"]
[Result "0-1"]
[WhiteElo "1416"]
[BlackElo "1094"]
[PlyCount "80"]
[EventDate "2010.01.02"]
[EventType "swiss"]
[EventRounds "11"]
[EventCountry "AUS"]
[SourceTitle "EXT 2011"]
[Source "ChessBase"]
[SourceDate "2010.11.26"]
[SourceVersion "1"]
[SourceVersionDate "2010.11.26"]
[SourceQuality "1"]

1. e4 e6 2. d4 d5 3. Nd2 c5 4. c3 Nc6 5. Ngf3 Nf6 6. e5 Nd7 7. Bb5 Qb6 8. Bxc6 bxc6 9. 0-0 cxd4 10. cxd4 c5 11. Re1 cxd4 12. Nb3 Nc5 13. Qxd4 Nxb3 14. axb3 Bc5 15. Qd2 Bb4 16. Qg5 Bxe1 17. Qxg7 Qxf2+ 18. Kh1 Qf1+ 19. Ng1 Bf2 20. Qxh8+ Kd7 21. Be3 Qxa1 22. Bxf2 Qxb2 23. Qf8 Qxf2 24. Qd6+ Ke8 25. Qc6+ Kd8 26. Qxa8 Qb6 27. Nf3 h6 28. h3 Qb7 29. Qxb7 Bxb7 30. Nd2 Kc7 31. Kg1 Kb6 32. Kf2 Kc5 33. g3 Kd4 34. Nf3+ Kc3 35. Ke3 Kxb3 36. Kd4 Kb4 37. Ne1 a5 38. Nd3+ Kb5 39. Kc3 a4 40. Nb4 d4+ 0-1